Loading...
| Philosophy | 2 | 2 | 0 | 0 | 50 | 52 | 68.75 | 3 | 4 |
| Social Science | 0 | 3 | 0 | 0 | 30 | 77 | 98.00 | 1 | 2 |
| Literature - American Literature | 1 | 1 | 0 | 0 | 25 | 60 | 72.00 | 1 | 1 |
| Literature - European Literature | 0 | 2 | 0 | 0 | 20 | 109 | 118.50 | 0 | 0 |
| History - American History | 0 | 2 | 0 | 0 | 20 | 102 | 102.00 | 0 | 0 |
| History - World History | 0 | 1 | 0 | 0 | 10 | 76 | 76.00 | 0 | 1 |
| History - European History | 0 | 1 | 0 | 0 | 10 | 77 | 77.00 | 0 | 0 |
| History - Other History | 0 | 2 | 2 | 2 | 10 | 121 | 124.50 | 0 | 0 |
| Literature - World Literature | 0 | 1 | 0 | 1 | 10 | 141 | 141.00 | 0 | 0 |
| Fine Arts - Visual Fine Arts | 0 | 1 | 1 | 0 | 5 | 90 | 90.00 | 0 | 0 |
| Fine Arts - Other Fine Arts | 0 | 0 | 1 | 0 | -5 | 0.00 | 0 | 0 |